Tintin Book Trivia - Tintin in the Congo - Statistics

General Stats
  • This quiz has been taken 4 times
  • The average score is 3 of 14
Answer Stats
Question Answer % Correct
Vehicle that took Tintin back to Belgium Aeroplane
75%
Subject taught by Tintin Geography/Mathematics
75%
Antagonist mentioned later appearing in the seceding adventure Al Capone
50%
‘Boy’ Companion of Tintin Coco
50%
Who saved Tintin from the crocodiles? A Catholic Missionary Priest
25%
Animal Game-hunted by Tintin Antelope
25%
Secret Society with costume which looks like a leopard skin Aniota
0%
Thing used by Tintin to stone a Buffalo Catapult
0%
Crime Diamond Smuggling Business
0%
Tintin ....... the giraffes in the wild. Filmed
0%
African Tribe who first had a rivalry against Tintin M’Hatavu
0%
Ship to Congo Thysville
0%
Who was eaten by the crocodiles? Tom (Stowaway Aboard the Thysville)
0%
Type of car used and bought by Tintin Trans-Saharan Model
0%
No matching quizzes found
Score Distribution
Percent of People with Each Score
Percentile by Number Answered
Your Score History
You have not taken this quiz